The Least Translated Countries on Wikipedia - Statistics

General Stats
  • This quiz has been taken 85 times
  • The average score is 27 of 33
Answer Stats
Languages Country % Correct
198 Saint Kitts and Nevis
96%
212 Kiribati
93%
199 Marshall Islands
93%
218 Nauru
93%
217 Palau
93%
193 Saint Vincent and the Grenadines
93%
211 Tonga
93%
200 Saint Lucia
91%
211 Tuvalu
91%
216 Vanuatu
90%
212 Samoa
89%
194 F. S. Micronesia
88%
202 Solomon Islands
88%
212 Grenada
86%
230 Barbados
85%
219 Dominica
85%
222 Seychelles
85%
225 Antigua and Barbuda
84%
222 São Tomé and Príncipe
83%
212 Trinidad and Tobago
83%
223 Fiji
81%
234 East Timor
80%
223 Dominican Republic
78%
230 Haiti
77%
232 Mauritius
77%
231 Bahamas
73%
233 Papua New Guinea
70%
234 Eswatini
68%
233 El Salvador
67%
234 Nicaragua
57%
223 South Sudan
52%
233 Equatorial Guinea
49%
213 Kosovo
48%
No matching quizzes found
Score Distribution
Percent of People with Each Score
Percentile by Number Answered
Your Score History
You have not taken this quiz